Nennen Sie ein gültiges afrikanisches Land - Statistiken

Allgemein
  • Dieses Quiz wurde 276 mal gespielt
    107 seit der letzten Aktualisierung
  • Das Durchschnittsergebnis liegt bei 11 aus 20
Antwortstatistiken
Nennen Sie ein gültiges afrikanisches Land, welches... Gültige Länder % Korrekt
ein Inselstaat ist. Kap Verde | Komoren | Madagaskar | Mauritius | São Tomé und Príncipe | Seychellen
100%
Austragungsort der Rallye Dakar war (ausgenommen: Länder der Rallye 1992). Ägypten | Algerien | Burkina Faso | Elfenbeinküste | Gambia | Guinea | Libyen | Mali | Marokko | Mauretanien | Niger | Senegal | Sierra Leone | Tunesien
77%
in Deutschland eine vollständige Reisewarnung erhielt. Libyen | Niger | Somalia | Sudan | Südsudan | Tschad | Zentralafrikanische Republik
77%
vollständig über dem Äquator liegt und wild lebende Schwarze Mambas beheimatet. Äthiopien | Burkina Faso | Elfenbeinküste | Eritrea | Eswatini | Gambia | Guinea | Guinea-Bissau | Kamerun | Mali | Senegal | Sierra Leone | Südsudan | Tschad | Zentralafrikanische Republik
74%
bereits von James Bond bereist wurde. Ägypten | Madagaskar | Marokko
72%
seit 2020 mind. einen erfolgreichen Militärputsch hatten. Burkina Faso | Gabun | Guinea | Mali | Niger | Sudan | Tschad
70%
eine der 20 größten Moscheen besitzt. Ägypten | Algerien | Marokko
65%
nach dem Jahr 2010 den Afrika-Cup gewonnen hat. Algerien | Elfenbeinküste | Kamerun | Nigeria | Sambia | Senegal
65%
in die Top 4 bei einer Fußball-WM gelangte. Marokko
59%
als Themenbereich in einem Freizeitpark existiert (ausgenommen: Ägypten). Demokratische Republik Kongo | Kamerun | Kenia | Marokko | Republik Kongo
58%
Geburtsort von Musikern ist, die sich auf Platz 1 der deutschen Single-Charts platzieren konnten. Ghana | Nigeria | Somalia | Südafrika | Tunesien
58%
Heimat der Massai ist. Kenia | Tansania
54%
bei den letzten Olympischen Spielen mehr als einmal Gold gewann. Algerien | Kenia
51%
nach 1991 unabhängig wurde. Eritrea | Südsudan
49%
eine große Voodoo praktizierende Bevölkerung aufweist. Benin | Ghana | Nigeria | Togo
48%
ein mittelalterliches Königreich war. Äthiopien | Ghana | Mali | Simbabwe
39%
größer als Deutschland ist und keine deutsche Botschaft besitzt. Somalia | Zentralafrikanische Republik
29%
Ursprungsort der Djembe-Trommeln ist. Burkina Faso | Gambia | Guinea | Mali | Mauretanien | Senegal
17%
eine Regierungschefin hat. Äquatorialguinea | Namibia
7%
eine der 10 höchsten Kirchen besitzt. Elfenbeinküste
7%
Keine übereinstimmenden Quizze gefunden
Verteilung der Resultate
Anzahl Personen mit jedem Resultat
Perzentil nach korrekt beantworteten Fragen
Ihre Resultats-Entwicklung
Sie haben dieses Quiz seit der letzten Aktualisierung nicht gespielt